| 000 | 00000nam 2200000zi 4500 |
| 001 | 9.939548 |
| 003 | CaOODSP |
| 005 | 20240912095957 |
| 006 | m o d f |
| 007 | cr mn||||||||| |
| 008 | 240619e202408 onc ob f100 0 eng d |
| 020 | |a9780660724300 |
| 040 | |aCaOODSP|beng|erda|cCaOODSP |
| 043 | |an-cn-ns|aln----- |
| 086 | 1 |aFs70-4/2024-033E-PDF |
| 245 | 00|aProceedings of the regional peer review of existing data, protocols, and procedures for the Gully Marine Protected Area ecosystem monitoring plan : |bmeeting dates, September 25-26, 2012 : location, Dartmouth, NS / |cchairperson and editor, Tana Worcester. |
| 264 | 1|aOttawa ON : |bCanadian Science Advisory Secretariat (CSAS), |cAugust 2024. |
| 264 | 4|c©2024 |
| 300 | |a1 online resource (iv, 39 pages). |
| 336 | |atext|btxt|2rdacontent |
| 337 | |acomputer|bc|2rdamedia |
| 338 | |aonline resource|bcr|2rdacarrier |
| 490 | 1 |aProceedings series, |x1701-1280 ; |v2024/033 |
| 500 | |aIssued also in French under title: Compte rendu du l'examen régional par les pairs des données existantes, des procédures et des protocoles du plan de surveillance de l'écosystème de la zone de protection marine du Gully : dates de la réunion, du 25 au 26 septembre 2012 : endroit, Dartmouth (Nouvelle-Écosse). |
| 504 | |aIncludes bibliographical references. |
| 520 | |a"A Maritimes Regional Peer Review of Existing Data, Protocols, and Procedures for the Gully Marine Protect Area Ecosystem Monitoring Plan was held September 25-26, 2012, at the Bedford Institute of Oceanography in Dartmouth, Nova Scotia. Participation in this meeting included Fisheries and Oceans Canada (DFO), Environment Canada, Parks Canada, Transport Canada, the Canada-Nova Scotia Offshore Petroleum Board, academics, non-governmental organizations, aboriginal organizations, the offshore petroleum industry and the fishing industry. The results of this meeting will be used to support development of a monitoring plan for the Gully marine protected area (MPA)"--Summary, page iv. |
| 650 | 0|aMarine parks and reserves|xMonitoring|zGully Marine Protected Area|vCongresses. |
| 655 | 7|aConference papers and proceedings|2lcgft |
| 700 | 1 |aWorcester, T. |q(Tana) |
| 710 | 2 |aCanadian Science Advisory Secretariat, |eissuing body. |
| 710 | 1 |aCanada. |bDepartment of Fisheries and Oceans. |bMaritimes Region, |eissuing body. |
| 775 | 08|tCompte rendu du l'examen régional par les pairs des données existantes, des procédures et des protocoles du plan de surveillance de l'écosystème de la zone de protection marine du Gully : |w(CaOODSP)9.939549 |
| 830 | #0|aProceedings series (Canadian Science Advisory Secretariat)|v2024/033.|w(CaOODSP)9.506483 |
| 856 | 40|qPDF|s488 KB|uhttps://publications.gc.ca/collections/collection_2024/mpo-dfo/fs70-4/Fs70-4-2024-033-eng.pdf |